000 00618nam a2200181Ia 4500
005 20260429112233.0
008 260429s9999||||xx |||||||||||||| ||und||
020 _a9788196726218
041 _aHindi
082 _a891.434
_bSAB
100 _aसांकृत्यायन, राहुल
245 0 _aभागो नहीं दुनिया को बदलो /
_cराहुल सांकृत्यायन
250 _a1st ed.
260 _aनई दिल्ली :
_bप्रकाशन संस्थान,
_c2025.
300 _a304 p.; Hb
650 _aHindi essays
942 _cTB
999 _c53053
_d53053